000 00361nam a2200169Ia 4500
100 _aNatarajan/Ananda R
650 _adigitl design
942 _cBK
366 _f25
654 _adigital design
245 _aDigital design
260 _bPrentice -Hall of India
_c2015
082 _bNAT
300 _a755
546 _aENGLISH
_cPAMPHALETS
999 _c19857
_d19857